000
00274nam a22001217a 4500
003
OSt
008
150511b xxu||||| |||| 00| 0 eng d
100
1
_a
Kantey, B. A.
041
_a
eng
245
1
0
_a
The P.O.A. cancellations of Natal
260
_b
Creda Press
300
_a
0 pages
999
_c
1444
_d
1444